00929nam a2200241 a 4500001000200000003000400002005001700006008003000023040002500053082002500078245006700103260004400170300002100214490002600235500008800261600004400349600005400393600004500447651004500492700004500537710007300582710003200655 OSt20241120124037.0110914s20uu dr 000 0 spa d aDO-SdBPMbspacBPMSU 4a923.27293bB742J22210aJuan Bosch en Cuba /ccompilador, Luis F. Céspedes Espinosa. aSanto Domingo :bFUNGLODE, c[200-?]b  a375 p. ;c28 cm.0 aCátedra Juan Bosch  aA la cabeza de la cubierta : Cátedra Juan Bosch en el Centenario de su Natalicio 14a Bosch, Juan, d1909-2001vBiografías14aBosch, Juan d1909-2001xArtículos de prensax 14aBosch, Juan d1909-2001xVida política 4aRepública DominicanaxHistoria y1947-1 aCéspede Espinosa, Luis F.ecompilador 2 aFundación Global Democracia y Desarrollo (República Dominicana)2 aUniversidad de la Habanab